| 000 | 00652nam a22002177a 4500 | ||
|---|---|---|---|
| 003 | OSt | ||
| 005 | 20140310183048.0 | ||
| 008 | 130227t xxu||||| |||| 00| 0 eng d | ||
| 020 | _a9717250944 | ||
| 050 |
_aHF 5691 _b.B979 2003 |
||
| 082 |
_bFIL 510.25658 _2B96 2003 |
||
| 245 |
_aBusiness and investment mathematics : _btextbook-workbook / _cZorilla, Rolando S. ... [et al.] |
||
| 250 | _arev. ed. | ||
| 260 |
_aMakati City : _bGrandwater Pub. and Research Corporation, _c2003 |
||
| 300 |
_a412 p. : _c26 cm. _bill. ; |
||
| 521 | _acollege students | ||
| 526 | _c1210L-1700L | ||
| 541 | _j1 | ||
| 562 | _e1 | ||
| 942 |
_2lcc _cBK _kFIL |
||
| 999 |
_c18607 _d18607 |
||